000 00338nam a2200145Ia 4500
100 _aChen/ V/ Montgomery/ John
942 _cBK
654 _aComputer
245 _aHacker''''s guide to Visual basic
260 _bAddison Wesley Pub
_aReading
_c1996
082 _a5.265
_bche/mon
300 _a681
546 _aENGLISH
999 _c23455
_d23455